000 05907nam a22003377a 4500
001 TIC 0005
003 gtcocun
005 20250924172722.0
006 a||||gr|||| 00| 0
007 ta
008 250924b2020 gt ||||| m||| 00| 0 eng d
040 _agtcocun
_bSPA
_cgtcocun
_eRDA
041 _aSPA TIC 0005
084 _0TIC 0005
100 _aBuenafé Ramírez, Bárbara Anahí
_eAutor
245 _aDISEÑO Y PLANIFICACIÓN DE MERCADO MUNICIPAL, ÁREA URBANA, SAN JUAN CHAMELCO, ALTA VERAPAZ./
_cBárbara Anahí Buenafé Ramírez.
_hImpreso
264 _aCobán, Alta Verapaz:
_bUniversidad de San Carlos de Guatemala, Centro Universitario del Norte, Ingeniería Civil
_c2020
300 _a229 p.:
_bIlustraciones, gráficas.
_c28 cm;
300 _cPDF
336 _2rdacontenido
_aTexto
_btxt
337 _2rdamedio
_aComputadora
_bn
338 _2rdasoporte
_aCódigo en línea
_bcr
502 _eTIC 0005
502 _aTesis de grado
_bIngeniería Civil,
_cUniversidad de San Carlos de Guatemala, Centro Universitario del Norte, Ingeniería Civil
_d2020
_oTIC 0005
520 1 4 _aEl Ejercicio Profesional Supervisado fue realizado en la Municipalidad de San Juan Chamelco, bajo la dirección del Centro Universitario del Norte –CUNOR- y el Programa de Ejercicio Profesional Supervisado Multidisciplinario –EPSUM-. El presente informe contiene de manera detallada la propuesta técnica para la solución de algunas de las necesidades de obras civiles en el municipio de San Juan Chamelco las cuales contribuyen a impulsar el desarrollo. Este trabajo fue realizado durante 8 meses, dividiéndose en las siguientes fases: diagnóstico, plan de trabajo, ejecución de actividades y presentación de resultados finales. La fase de diagnóstico consistió en una investigación de tipo monográfica y de necesidades de servicios básicos e infraestructura del municipio de San Juan Chamelco, para ello se identificaron las necesidades y se procedió a hacer una priorización, para luego plantear las posibles soluciones a las mismas. Según la investigación realizada se optó por el diseño y planificación del mercado municipal de San Juan Chamelco, con el objetivo de proponer una estructura idónea para la comercialización de productos y al mismo tiempo contribuir con el descongestionamiento de las calles del casco urbano del municipio. Para el programa EPSUM, la línea de acción se trabajó sobre la Ley de la Alimentación Escolar, para ello se estableció como prioridad, que los establecimientos tanto urbanos como rurales, deben contar con una infraestructura de cocina adecuada para la preparación de alimentos, según lo establecido por el Ministerio de Salud Pública y Asistencia Social – MSPAS- y el Ministerio de Educación –MINEDUC-. Se elaboró un cronograma de actividades a realizar, para cada uno de los proyectos, el cual dio inicio con la fase de ejecución, en donde se pusieron en práctica los conocimientos adquiridos durante los años de formación profesional, con los que se crearon escenarios de El Ejercicio Profesional Supervisado fue realizado en la Municipalidad de San Juan Chamelco, bajo la dirección del Centro Universitario del Norte –CUNOR- y el Programa de Ejercicio Profesional Supervisado Multidisciplinario –EPSUM-. El presente informe contiene de manera detallada la propuesta técnica para la solución de algunas de las necesidades de obras civiles en el municipio de San Juan Chamelco las cuales contribuyen a impulsar el desarrollo. Este trabajo fue realizado durante 8 meses, dividiéndose en las siguientes fases: diagnóstico, plan de trabajo, ejecución de actividades y presentación de resultados finales. La fase de diagnóstico consistió en una investigación de tipo monográfica y de necesidades de servicios básicos e infraestructura del municipio de San Juan Chamelco, para ello se identificaron las necesidades y se procedió a hacer una priorización, para luego plantear las posibles soluciones a las mismas. Según la investigación realizada se optó por el diseño y planificación del mercado municipal de San Juan Chamelco, con el objetivo de proponer una estructura idónea para la comercialización de productos y al mismo tiempo contribuir con el descongestionamiento de las calles del casco urbano del municipio. Para el programa EPSUM, la línea de acción se trabajó sobre la Ley de la Alimentación Escolar, para ello se estableció como prioridad, que los establecimientos tanto urbanos como rurales, deben contar con una infraestructura de cocina adecuada para la preparación de alimentos, según lo establecido por el Ministerio de Salud Pública y Asistencia Social – MSPAS- y el Ministerio de Educación –MINEDUC-. Se elaboró un cronograma de actividades a realizar, para cada uno de los proyectos, el cual dio inicio con la fase de ejecución, en donde se pusieron en práctica los conocimientos adquiridos durante los años de formación profesional, con los que se crearon escenarios de retroalimentación con supervisores profesionales del área de la Ingeniería Civil, que lograron desarrollar criterios para la resolución de problemas técnicos específicos para la realización del diseño. Los resultados finales se presentaron con un juego de planos constructivos para la mejor apreciación de los proyectos. Posteriormente se presentaron las conclusiones y recomendaciones para el desarrollo de dichos proyectos.
650 _2LEMB
_aSan Juan Chamelco, Alta Verapaz.
_xIngeniería
_xDescongestionamiento
_xSalud Pública
_xAsistencia Social
_xRetroalimentación
_xProyectos
700 _aIng. Civil Marlon Alexander Moran Castro
_eAsesor
856 _uhttps://drive.google.com/file/d/1Ng4W7ZChQVYCjsjEMMWnDxoGjpVy9sYQ/view
_yPDF
_zUn ejemplar en línea.
942 _2ddc
_cTES
_iTIC 0005
_kClasificación
_n0
_6TIC_0005_000000000000000
999 _c2121
_d2121